Zaostrené na zákazníka

Obsahové vymedzenie pojmu customer relationship management. Riadenie vzťahu so zákazníkmi na Slovensku. Firemná kultúra a CRM. Brzdy zavádzania CRM.

Salvato in:
Dettagli Bibliografici
Autore principale: Tytykalová, Halka
Natura: Capitolo di libro
Lingua:slovacco
Soggetti:
Tags: Aggiungi Tag
Nessun Tag, puoi essere il primo ad aggiungerne!!

MARC

LEADER 00000naa a2200000 4500
001 r043154
005 20230920073551.7
041 0 |a slo 
044 |a SK 
245 1 0 |a Zaostrené na zákazníka  |c Halka Tytykalová 
520 |a Obsahové vymedzenie pojmu customer relationship management. Riadenie vzťahu so zákazníkmi na Slovensku. Firemná kultúra a CRM. Brzdy zavádzania CRM. 
610 2 0 |a riadenie 
610 2 0 |a systém CRM 
610 2 0 |a zákazníci 
610 2 0 |a manažéri 
610 2 0 |a kultúra podniková 
610 2 0 |a konkurencia 
610 2 0 |a trh 
100 1 |a Tytykalová, Halka